Countries of the Biggest Lakes That Border Several Countries - Statistics

General Stats
  • This quiz has been taken 305 times
    266 since last reset
  • The average score is 20 of 22
Answer Stats
Country % Correct
Canada
99%
Russia
99%
United States
98%
Kenya
95%
Tanzania
95%
Kazakhstan
94%
Malawi
94%
Turkmenistan
93%
Uganda
92%
Azerbaijan
90%
D. R. Congo
90%
Iran
90%
Peru
88%
Bolivia
87%
Uzbekistan
87%
Burundi
86%
Rwanda
86%
Mozambique
85%
Zambia
84%
China
83%
Ethiopia
83%
Estonia
63%
No matching quizzes found
Score Distribution
Percent of People with Each Score
Percentile by Number Answered
Your Score History
You have not taken this quiz since the last reset